|
|
|
|
| LEADER |
00000nam0a2200000 4500 |
| 001 |
134654 |
| 005 |
20231031135801.0 |
| 010 |
|
|
|a 5268009893
|
| 020 |
|
|
|a RU
|b 90-6256
|
| 035 |
|
|
|a (RuTPU)RU\TPU\book\145959
|
| 090 |
|
|
|a 134654
|
| 100 |
|
|
|a 20080402d1990 d y0rusy5003 ca
|
| 101 |
0 |
|
|a rus
|
| 102 |
|
|
|a RU
|
| 105 |
|
|
|a a z 000ay
|
| 200 |
1 |
|
|a Десятый круг ада
|e Роман
|e Для старшего школьного возраста
|f Ю. А. Виноградов
|g худож. С. А. Трофимов
|
| 210 |
|
|
|a Москва
|c Советская Россия
|d 1990
|
| 215 |
|
|
|a 304 с.
|c ил.
|d 20 см
|
| 225 |
1 |
|
|a Всероссийская библиотека "Мужество"
|
| 610 |
1 |
|
|a разведка
|
| 610 |
1 |
|
|a детская литература
|
| 610 |
1 |
|
|a контрразведка
|
| 675 |
|
|
|a Р2
|z rus
|
| 700 |
|
1 |
|a Виноградов
|b Ю. А.
|g Юрий Александрович
|4 070
|
| 702 |
|
1 |
|a Трофимов
|b С. А.
|4 440
|
| 801 |
|
0 |
|a RU
|b RuMRKP
|c 19950417
|g psbo
|
| 801 |
|
1 |
|a RU
|b 63413507
|c 20080402
|g PSBO
|
| 801 |
|
2 |
|a RU
|b 63413507
|c 20140217
|g PSBO
|
| 942 |
|
|
|c BK
|